[Event "IECG QE.2002.0.00029"]
[Site "IECG email"]
[Date "2002.10.11"]
[Round "?"]
[White "Barcos, Diego"]
[Black "Zagorski, Franck"]
[Result "0-1"]
[WhiteElo "1212"]
[BlackElo "1336"]
[PlyCount "72"]
[EventDate "2002.10.11"]
[EventType "tourn (corr)"]
[EventRounds "6"]
[SourceTitle "Corr 2024"]
[Source "ChessBase"]
[SourceDate "2023.10.19"]
[SourceVersion "1"]
[SourceVersionDate "2023.10.19"]
[SourceQuality "1"]

1. d4 d5 2. c4 e6 3. Nc3 c5 4. cxd5 exd5 5. Nf3 Nc6 6. g3 Nf6 7. Bg2 Be7 8. 0-0 0-0 9. Bg5 cxd4 10. Nxd4 h6 11. Be3 Re8 12. Qb3 Na5 13. Qc2 Bg4 14. h3 Bh5 15. Rad1 Rc8 16. Nf5 Bb4 17. Rfe1 Bg6 18. Bd4 Ne4 19. Bxe4 Rxe4 20. f3 Rxd4 21. Rxd4 Bc5 22. e3 Bxd4 23. exd4 Nc6 24. Rd1 Kh8 25. g4 Qd7 26. h4 Ne7 27. Re1 Bxf5 28. gxf5 Nxf5 29. Qf2 b5 30. a3 f6 31. h5 a5 32. Qe2 Nxd4 33. Qd3 b4 34. axb4 axb4 35. Qxd4 bxc3 36. bxc3 Qf5 0-1

[Event "IECG QE.2002.0.00029"]
[Site "IECG email"]
[Date "2002.10.11"]
[Round "?"]
[White "Parry, Andrew"]
[Black "Barcos, Diego"]
[Result "0-1"]
[WhiteElo "1284"]
[BlackElo "1212"]
[PlyCount "48"]
[EventDate "2002.10.11"]
[EventType "tourn (corr)"]
[EventRounds "6"]
[SourceTitle "Corr 2024"]
[Source "ChessBase"]
[SourceDate "2023.10.19"]
[SourceVersion "1"]
[SourceVersionDate "2023.10.19"]
[SourceQuality "1"]

1. e4 e5 2. Nf3 Nf6 3. Nxe5 d6 4. Nf3 Nxe4 5. d4 d5 6. Bd3 f5 7. 0-0 Be6 8. Re1 Be7 9. c3 c5 10. dxc5 Bxc5 11. Be3 Bxe3 12. Rxe3 Nc6 13. Nbd2 0-0 14. Qa4 Qc7 15. Rae1 Rae8 16. R3e2 a6 17. a3 Bf7 18. Re3 Qd6 19. Qd1 Qf4 20. Bc2 Rc8 21. Bb3 Rfd8 22. Qc2 Re8 23. R3e2 Kh8 24. Qd3 Rcd8 0-1

[Event "IECG QE.2002.0.00029"]
[Site "IECG email"]
[Date "2002.10.11"]
[Round "?"]
[White "Stevenson, Walter"]
[Black "Barcos, Diego"]
[Result "0-1"]
[WhiteElo "1380"]
[BlackElo "1212"]
[PlyCount "70"]
[EventDate "2002.10.11"]
[EventType "tourn (corr)"]
[EventRounds "6"]
[SourceTitle "Corr 2024"]
[Source "ChessBase"]
[SourceDate "2023.10.19"]
[SourceVersion "1"]
[SourceVersionDate "2023.10.19"]
[SourceQuality "1"]

1. d4 d5 2. c4 c6 3. Nf3 Nf6 4. Nc3 dxc4 5. e3 b5 6. a4 b4 7. Na2 e6 8. Nxb4 Bxb4+ 9. Bd2 c5 10. dxc5 Bxc5 11. Bxc4 Nc6 12. Bb5 Bb7 13. Rc1 Qd6 14. Qc2 Nd7 15. 0-0 Rc8 16. Rfd1 Qe7 17. Bc3 0-0 18. h3 Rfd8 19. Qe4 a6 20. Qg4 f5 21. Qg3 axb5 22. axb5 Nb4 23. Ra1 Bd5 24. h4 Bb3 25. Rd2 Nd5 26. Ba5 N5b6 27. Rd3 Bc4 28. Rc3 Bxb5 29. Rac1 Bd6 30. Qh3 Rxc3 31. bxc3 Ra8 32. Bxb6 Nxb6 33. Nd4 Bc4 34. g4 fxg4 35. Qxg4 Ra2 0-1

[Event "IECG TG.2002.0.14655"]
[Site "IECG email"]
[Date "2002.??.??"]
[Round "2"]
[White "Barcos, Diego"]
[Black "Michael, Holger"]
[Result "1-0"]
[WhiteElo "1212"]
[BlackElo "1255"]
[PlyCount "37"]
[EventDate "2002.??.??"]
[EventType "match (corr)"]
[EventRounds "2"]
[SourceTitle "Corr 2008"]
[Source "ChessBase"]
[SourceDate "2008.06.24"]
[SourceVersion "1"]
[SourceVersionDate "2008.06.24"]
[SourceQuality "1"]

1. e4 c5 2. c3 Nf6 3. e5 Nd5 4. d4 cxd4 5. cxd4 d6 6. Nf3 Nc6 7. Nc3 Nxc3 8. bxc3 e6 9. exd6 Bxd6 10. Bb5 0-0 11. 0-0 Bd7 12. Re1 Qa5 13. Qb3 Rad8 14. Rb1 Qc7 15. Bd3 Ne7 16. Ba3 Bc6 17. Bxd6 Rxd6 18. Ne5 b6 19. Qc2 1-0

[Event "IECG CN.2000.0.00172"]
[Site "IECG email"]
[Date "2000.01.30"]
[Round "?"]
[White "Schoenbuchner, Gertraud"]
[Black "Barcos, Diego"]
[Result "1-0"]
[WhiteElo "800"]
[BlackElo "800"]
[PlyCount "47"]
[EventDate "2000.01.30"]
[EventType "tourn (corr)"]
[EventRounds "6"]
[SourceTitle "Corr 2008"]
[Source "ChessBase"]
[SourceDate "2008.06.24"]
[SourceVersion "1"]
[SourceVersionDate "2008.06.24"]
[SourceQuality "1"]

1. d4 d5 2. c4 c6 3. Nf3 Nf6 4. Nc3 dxc4 5. a4 Bf5 6. Ne5 Nbd7 7. Nxc4 Qc7 8. g3 e5 9. dxe5 Nxe5 10. Bf4 Rd8 11. Qc1 Bd6 12. Nxd6+ Qxd6 13. Bg2 0-0 14. 0-0 Rfe8 15. Rd1 Qe7 16. Qe3 Nfg4 17. Qxa7 Ra8 18. Qd4 Red8 19. Qb6 Nd7 20. Qxb7 Nge5 21. Bxe5 Qxe5 22. Qxc6 Rab8 23. Rd5 Qe6 24. Qxe6 1-0

[Event "IECG CN.2000.0.00170"]
[Site "IECG email"]
[Date "2000.01.26"]
[Round "?"]
[White "Barcos, Diego"]
[Black "Raeuchle, Walter"]
[Result "0-1"]
[WhiteElo "800"]
[BlackElo "800"]
[PlyCount "60"]
[EventDate "2000.01.26"]
[EventType "tourn (corr)"]
[EventRounds "6"]
[SourceTitle "Corr 2008"]
[Source "ChessBase"]
[SourceDate "2008.06.24"]
[SourceVersion "1"]
[SourceVersionDate "2008.06.24"]
[SourceQuality "1"]

1. e4 e5 2. Nf3 d6 3. d4 Nf6 4. Nc3 Nbd7 5. Bc4 Be7 6. 0-0 0-0 7. Qe2 c6 8. a4 exd4 9. Nxd4 Re8 10. Be3 Bf8 11. f3 d5 12. Ba2 dxe4 13. Nxe4 Nxe4 14. fxe4 Nf6 15. Qc4 Be6 16. Nxe6 Rxe6 17. Rae1 Qe8 18. Bd4 Rd8 19. e5 Nd5 20. Kh1 Re7 21. c3 b5 22. Qe2 bxa4 23. Qe4 g6 24. Qh4 Rb8 25. Re2 Reb7 26. e6 fxe6 27. Be5 Rd8 28. Qxa4 Rdd7 29. Rfe1 Qc8 30. Qg4 Re7 0-1

[Event "IECG CN.1999.0.00158"]
[Site "IECG email"]
[Date "1999.11.02"]
[Round "?"]
[White "Barcos, Diego"]
[Black "Neatham, Graeme"]
[Result "0-1"]
[WhiteElo "800"]
[BlackElo "800"]
[PlyCount "74"]
[EventDate "1999.11.02"]
[EventType "tourn (corr)"]
[EventRounds "6"]
[SourceTitle "Corr 2008"]
[Source "ChessBase"]
[SourceDate "2008.06.24"]
[SourceVersion "1"]
[SourceVersionDate "2008.06.24"]
[SourceQuality "1"]

1. e4 d6 2. d4 Nf6 3. Nc3 g6 4. f4 Bg7 5. Nf3 c5 6. Bb5+ Bd7 7. Bxd7+ Nbxd7 8. d5 0-0 9. 0-0 b5 10. Nxb5 Nxe4 11. Re1 f5 12. Na3 Nb6 13. c4 Re8 14. Qc2 e6 15. dxe6 Rxe6 16. Be3 Qf6 17. Rab1 a6 18. Qd3 h6 19. Nc2 Rb8 20. Bc1 Na4 21. Ne3 Nxb2 22. Bxb2 Rxb2 23. Nd5 Qf7 24. Rxb2 Bxb2 25. Rb1 Qg7 26. g3 Bd4+ 27. Kg2 Kh7 28. Qa3 Nc3 29. Nxc3 Bxc3 30. Qxa6 Qf7 31. Kh1 Bg7 32. a4 d5 33. Qa8 dxc4 34. Ne5 Bxe5 35. fxe5 Rxe5 36. a5 Re7 37. Qc6 Qe6 0-1

[Event "IECG CN.1999.0.00158"]
[Site "IECG email"]
[Date "1999.11.02"]
[Round "?"]
[White "Barcos, Diego"]
[Black "Nett, Philipp"]
[Result "0-1"]
[WhiteElo "800"]
[BlackElo "800"]
[PlyCount "86"]
[EventDate "1999.11.02"]
[EventType "tourn (corr)"]
[EventRounds "6"]
[SourceTitle "Corr 2008"]
[Source "ChessBase"]
[SourceDate "2008.06.24"]
[SourceVersion "1"]
[SourceVersionDate "2008.06.24"]
[SourceQuality "1"]

1. e4 e5 2. Nf3 Nf6 3. d4 Nxe4 4. Bd3 d5 5. Nxe5 Nd7 6. Nxd7 Bxd7 7. 0-0 Qh4 8. c4 0-0-0 9. c5 g6 10. Be3 Bg7 11. Nd2 Rhe8 12. Nf3 Qh5 13. Be2 Qf5 14. Re1 Re7 15. Rc1 Kb8 16. Qb3 Bc6 17. Ba6 Qc8 18. Rcd1 Rde8 19. Qb4 g5 20. Ne5 Bxe5 21. dxe5 Rxe5 22. Bd4 R5e6 23. Bd3 g4 24. Rf1 h5 25. Bc2 h4 26. f3 gxf3 27. Rxf3 Rg6 28. Rd2 Nxd2 29. Qxd2 Rge6 30. h3 Re2 31. Qd3 Qe6 32. Qh7 Qe7 33. Bd3 Rd2 34. Qg7 Rd1+ 35. Kh2 Qe1 36. Bf1 Qe4 37. Bg1 d4 38. Rxf7 d3 39. Qg5 d2 40. Rf2 Qb1 41. Qxh4 Qxb2 42. Qg5 a6 43. Re2 Rf8 0-1

[Event "IECG QN.1999.0.00084"]
[Site "IECG email"]
[Date "1999.10.21"]
[Round "?"]
[White "Barcos, Diego"]
[Black "Barrow, Joseph P"]
[Result "1-0"]
[WhiteElo "800"]
[BlackElo "800"]
[PlyCount "33"]
[EventDate "1999.10.21"]
[EventType "tourn (corr)"]
[EventRounds "6"]
[SourceTitle "Corr 2008"]
[Source "ChessBase"]
[SourceDate "2008.06.24"]
[SourceVersion "1"]
[SourceVersionDate "2008.06.24"]
[SourceQuality "1"]

1. e4 e5 2. Nf3 Nc6 3. Bc4 Bb4 4. c3 Ba5 5. d4 Qf6 6. 0-0 b5 7. Bxb5 a6 8. Bxc6 dxc6 9. Nxe5 Be6 10. Qa4 Ne7 11. Qxa5 0-0 12. Na3 Rfd8 13. f3 g5 14. Bd2 h5 15. Nd3 g4 16. fxg4 Qh4 17. gxh5 1-0

[Event "IECG QN.1999.0.00084"]
[Site "IECG email"]
[Date "1999.10.21"]
[Round "?"]
[White "Barrow, Joseph P"]
[Black "Barcos, Diego"]
[Result "0-1"]
[WhiteElo "800"]
[BlackElo "800"]
[PlyCount "32"]
[EventDate "1999.10.21"]
[EventType "tourn (corr)"]
[EventRounds "6"]
[SourceTitle "Corr 2008"]
[Source "ChessBase"]
[SourceDate "2008.06.24"]
[SourceVersion "1"]
[SourceVersionDate "2008.06.24"]
[SourceQuality "1"]

1. e4 c5 2. Bc4 e6 3. Ne2 d5 4. Bb5+ Bd7 5. a4 Bxb5 6. axb5 dxe4 7. 0-0 Nf6 8. Nf4 Nbd7 9. b6 Qxb6 10. Na3 Be7 11. Nc4 Qc7 12. Nh5 0-0 13. f3 Nxh5 14. fxe4 Nf4 15. Qf3 Ng6 16. Ra5 a6 0-1

[Event "IECG QN.1999.0.00084"]
[Site "IECG email"]
[Date "1999.10.21"]
[Round "?"]
[White "Eximeno, Santiago"]
[Black "Barcos, Diego"]
[Result "1/2-1/2"]
[WhiteElo "800"]
[BlackElo "800"]
[PlyCount "55"]
[EventDate "1999.10.21"]
[EventType "tourn (corr)"]
[EventRounds "6"]
[SourceTitle "Corr 2008"]
[Source "ChessBase"]
[SourceDate "2008.06.24"]
[SourceVersion "1"]
[SourceVersionDate "2008.06.24"]
[SourceQuality "1"]

1. e4 e5 2. Nf3 Nf6 3. d4 Nxe4 4. Bd3 d5 5. Nxe5 Nd7 6. Nxd7 Bxd7 7. 0-0 Bd6 8. Nc3 Nxc3 9. bxc3 0-0 10. Qh5 f5 11. Rb1 Rb8 12. Bg5 Be7 13. Bxe7 Qxe7 14. c4 Qf6 15. c3 Qa6 16. Qe2 Rbe8 17. Qf3 dxc4 18. Qxb7 Qa4 19. Rb4 cxd3 20. Rxa4 Bxa4 21. Qxc7 Bc2 22. Qf4 Re4 23. Qc1 Re2 24. Qb2 Rfe8 25. Qc1 R8e7 26. g3 Re8 27. Kg2 R8e6 28. c4 1/2-1/2

[Event "IECG CP.1999.P.00078"]
[Site "IECG email"]
[Date "1999.10.01"]
[Round "?"]
[White "Hanson, Andrew"]
[Black "Barcos, Diego"]
[Result "1-0"]
[WhiteElo "2164"]
[BlackElo "800"]
[PlyCount "77"]
[EventDate "1999.10.01"]
[EventType "tourn (corr)"]
[EventRounds "6"]
[EventCountry "VEN"]
[SourceTitle "Corr 2008"]
[Source "ChessBase"]
[SourceDate "2008.06.24"]
[SourceVersion "1"]
[SourceVersionDate "2008.06.24"]
[SourceQuality "1"]

1. e4 e5 2. Nf3 Nc6 3. Bb5 a6 4. Ba4 Nf6 5. 0-0 Nxe4 6. d4 b5 7. Bb3 d5 8. dxe5 Be6 9. c3 Nc5 10. Bc2 Bg4 11. Re1 Be7 12. h3 Bh5 13. Nbd2 d4 14. g4 d3 15. gxh5 dxc2 16. Qxc2 Qd3 17. Qxd3 Nxd3 18. Re4 0-0 19. Nb3 f6 20. e6 Bd6 21. Nbd4 Ne7 22. Ne1 Nxc1 23. Rxc1 c5 24. Ndf3 Rfd8 25. Ng2 Rab8 26. Re2 Rb6 27. Kf1 Kh8 28. Rd1 Re8 29. Red2 Bc7 30. Rd7 Rc6 31. Nfh4 Ba5 32. R1d6 Rxd6 33. Rxd6 Bc7 34. Rxa6 Rc8 35. Ke2 g5 36. hxg6 hxg6 37. Ne3 Kg7 38. Nhg2 b4 39. f4 1-0